00785nam a2200265Ia 4500003000900000005001700009008004100026040001300067040001300080041000800093041000800101100002800109245002000137250001000157260001200167260000900179300001100188300001200199490002900211490000700240600003600247942001200283999001700295952020700312IT-RoPAU20220918175806.0120407s9999 xx 000 0 und d aIT-RoPAU cIT-RoPAU agre bgre aNicola Cabasilas935922 aLa vie en Crist aParis aDu Cerf c1990 a247 p. c19.5 cm aSources Chretiennes, 361 v22 a2° tome: livres V - VII935923 cBK2ddc c30267d30267 00102ddc406276_830000000000000_3471aPAULUSbPAULUSd2012-04-11l0o276.83.34r2012-04-11 00:00:00w2012-04-11yBKzInserito da: Giancarlo In data: 24 ottobre 2011 fondo: Via A.Severo 56 Progr:22420